Lives of the modern poets : with a new preface by the author /

Bibliographic Details
Main Author: Pritchard, William H.
Corporate Author: NetLibrary, Inc
Format: eBook
Language:English
Published: Hanover, NH : University Press of New England, 1996.
Subjects:
Online Access:Connect to the full text of this electronic book

MARC

Tag First Indicator Second Indicator Subfields
LEADER 00000cam a2200000La 4500
001 in00001758021
005 20220105121203.0
006 m u
007 cr cn-
008 000808s1996 nhu sb 001 0 eng d
010 |z  96015041  
020 |a 0585229538 (electronic bk.) :  |c $19.95 
020 |z 0874517877 (pbk : alk. paper) 
035 |a (OCoLC)ocm44965666 
040 |a N$T  |c N$T  |d OCL  |d UtOrBLW 
043 |a n-us---  |a e-uk--- 
049 |a IKMN 
050 1 4 |a PS323.5  |b .P7 1996eb 
082 0 4 |a 811/.5209  |2 20 
100 1 |a Pritchard, William H.  |0 http://id.loc.gov/authorities/names/n79072927 
245 1 0 |a Lives of the modern poets :  |b with a new preface by the author /  |c William H. Pritchard. 
264 1 |a Hanover, NH :  |b University Press of New England,  |c 1996. 
300 |a xvi, 316 pages ;  |c 21 cm. 
336 |a text  |b txt  |2 rdacontent 
337 |a computer  |b c  |2 rdamedia 
338 |a online resource  |b cr  |2 rdacarrier 
504 |a Includes bibliographical references (pages [303]-308) and index. 
533 |a Electronic reproduction.  |b Boulder, Colo. :  |c NetLibrary,  |d 2000.  |n Available via the World Wide Web.  |n Available in multiple electronic file formats.  |n Access may be limited to NetLibrary affiliated libraries. 
500 |a Electronic resource. 
650 0 |a American poetry  |y 20th century  |x History and criticism.  |0 http://id.loc.gov/authorities/subjects/sh2007101081 
650 0 |a English poetry  |y 20th century  |x History and criticism.  |0 http://id.loc.gov/authorities/subjects/sh2008102955 
650 0 |a Modernism (Literature)  |z United States.  |0 http://id.loc.gov/authorities/subjects/sh2008107886 
650 0 |a Modernism (Literature)  |z Great Britain.  |0 http://id.loc.gov/authorities/subjects/sh2008107889 
655 7 |a Electronic books.  |2 local 
710 2 |a NetLibrary, Inc.  |0 http://id.loc.gov/authorities/names/no99080690 
776 1 |c Original  |w (DLC) 96015041  |w (OCoLC)34558701 
856 4 1 |u https://proxy.library.tamu.edu/login?url=http://www.netLibrary.com/urlapi.asp?action=summary&v=1&bookid=34280  |z Connect to the full text of this electronic book  |t 0 
994 |a 92  |b IKM 
999 |a MARS 
999 f f |s ef88a1e8-3e63-3bd4-8030-50123ce72aa8  |i 018e036b-98ea-3c25-9d49-409a11f6c252  |t 0 
952 f f |a Texas A&M University  |b College Station  |c Electronic Resources  |d Available Online  |t 0  |e PS323.5 .P7 1996eb  |h Library of Congress classification 
998 f f |a PS323.5 .P7 1996eb  |t 0  |l Available Online